Lenguaje y comunicación 7º Básico: guía didáctica para el profesor

Guardat en:
Dades bibliogràfiques
Autors principals: Fanta Fredes, Cecilia (Autor), Recabarren Arancibia, Marcela (Autor)
Format: Llibre
Idioma:espanyol
Publicat: Santiago Libros Kuatro 2007
Matèries:
Etiquetes: Afegir etiqueta
Sense etiquetes, Sigues el primer a etiquetar aquest registre!

MARC

LEADER 00000nam a2200000 a 4500
001 UCI5749
003 CL-VaPUC
008 080404e20070000CL |||||||||||||||||spa|d
020 |a 9789568698003 
082 0 4 |a 372.6  |b FAN  |2 21 
100 0 |a Fanta Fredes, Cecilia  |e author  |9 528333 
700 0 |a Recabarren Arancibia, Marcela  |e author  |9 528334 
245 1 0 |a Lenguaje y comunicación 7º Básico: guía didáctica para el profesor 
300 |a 93+205 p 
942 |c BK 
945 |d 20080404 00:00:00  |a jtorresc 
260 |a Santiago  |b Libros Kuatro  |c 2007 
650 0 |a Educación lingüística  |9 306506 
650 0 |a Educación básica   |9 224933 
650 0 |a Libros de texto  |9 270019 
650 0 |a Métodos de enseñanza  |9 270413 
583 |a last modification  |c 20170816 01:14:31  |k Rodrigo Vera 
999 |c 329442  |d 329440 
952 |0 0  |1 0  |4 0  |6 372_600000000000000_FAN_2007  |7 0  |8 P  |9 414122  |a BIBEDU  |b BIBEDU  |c BIBEDU_PB  |d 2019-11-22  |i 4461878  |o 372.6 FAN 2007  |p 4461878  |r 2024-01-25  |w 2019-11-22  |y BK  |k EDU 
952 |0 0  |1 0  |4 0  |6 372_600000000000000_FAN_2007  |7 0  |8 P  |9 414123  |a BIBEDU  |b BIBEDU  |c BIBEDU_PB  |d 2019-11-22  |i 446186K  |o 372.6 FAN 2007  |p 446186K  |r 2024-01-25  |w 2019-11-22  |y BK  |k EDU